书目信息 |
| 题名: |
孤独症的快乐疗法
|
|
| 作者: | 王占富 , 王汉斌 , 张艳杰 著 | |
| 分册: | ||
| 出版信息: | 长春 吉林科学技术出版社 2009 |
|
| 页数: | 243页 | |
| 开本: | 23cm | |
| 丛书名: | ||
| 单 册: | ||
| 中图分类: | G78 , R749.940.5 | |
| 科图分类: | ||
| 主题词: | 孤独症--儿童教育--家庭教育 , 小儿疾病--孤独症--治疗 , 孤独症 , 小儿疾病 | |
| 电子资源: | ||
| ISBN: | 978-7-5384-4098-0 | |
| 000 | 01166nam0 2200301 45 | |
| 001 | 1034520355 | |
| 005 | 20100319085126.93 | |
| 010 | @a978-7-5384-4098-0@dCNY20.00 | |
| 100 | @a20100311d2009 em y0chiy0110 ea | |
| 101 | 0 | @achi |
| 102 | @aCN@b220000 | |
| 105 | @ay z 000yy | |
| 106 | @ar | |
| 200 | 1 | @a孤独症的快乐疗法@AGu Du Zheng De Kuai Le Liao Fa@f王占富,王汉斌,张艳杰著@FWang Zhan Fu, Wang Han Bin, Zhang Yan Jie Zhu |
| 210 | @a长春@c吉林科学技术出版社@d2009 | |
| 215 | @a243页@d23cm | |
| 330 | @a《孤独症的快乐疗法》提供给这些家庭一个真实成功的案例,家长们可以学习和尝试斌斌爷爷的方法,使这些孩子能尽早康复,家长们也可以从斌斌的故事中看到希望、增强信心。目前我国还没有全国性的孤独症调查资料,国际上一般认为孤独症病情严重的发病率为万分之五,病情较轻的发病率为万分之四十左右。 | |
| 606 | 0 | @a孤独症@x儿童教育@x家庭教育 |
| 606 | 0 | @a小儿疾病@x孤独症@x治疗 |
| 606 | 0 | @a孤独症 |
| 606 | 0 | @a小儿疾病 |
| 690 | @aG78@v4 | |
| 690 | @aR749.940.5@v4 | |
| 701 | 0 | @a王占富@AWang Zhan Fu@4著 |
| 701 | 0 | @a王汉斌@AWang Han Bin@4著 |
| 701 | 0 | @a张艳杰@AZhang Yan Jie@4著 |
| 801 | 0 | @aCN@bTANGWEI@c20100319 |
| 905 | @b0585893-97@dG78@e207@f5 | |
| 孤独症的快乐疗法/王占富,王汉斌,张艳杰著.-长春:吉林科学技术出版社,2009 |
| 243页;23cm |
| ISBN 978-7-5384-4098-0:CNY20.00 |
| 《孤独症的快乐疗法》提供给这些家庭一个真实成功的案例,家长们可以学习和尝试斌斌爷爷的方法,使这些孩子能尽早康复,家长们也可以从斌斌的故事中看到希望、增强信心。目前我国还没有全国性的孤独症调查资料,国际上一般认为孤独症病情严重的发病率为万分之五,病情较轻的发病率为万分之四十左右。 |
| ● |
| 相关链接 |
|
|
|
|
正题名:孤独症的快乐疗法
索取号:G78/207
 
预约/预借
| 序号 | 登录号 | 条形码 | 馆藏地/架位号 | 状态 | 备注 |
| 1 | 0585893 | 205858936 | 第一样本阅览室/ [索取号:G78/207] | 在馆 | |
| 2 | 0585894 | 205858945 | 第四借阅区/ [索取号:G78/207] | 在馆 | |
| 3 | 0585895 | 205858954 | 第四借阅区/ [索取号:G78/207] | 在馆 | |
| 4 | 0585896 | 205858963 | 第四借阅区/ [索取号:G78/207] | 在馆 | |
| 5 | 0585897 | 205858972 | 教育系资料室/ [索取号:G78/207] | 在馆 |